Statistics for All Pokemon Generation 1 Evolutions

Click here to take the quiz!

General Stats

  • This quiz has been taken 54 times
    (49 since last reset)
  • The average score is 59 of 72

Answer Stats

1st/2nd StageNext Stage% Correct
BulbasaurIvysaur
100%
CharmeleonCharizard
96%
CharmanderCharmeleon
96%
WartortleBlastoise
93%
PidgeottoPidgeot
93%
SquirtleWartortle
93%
MetapodButterfree
91%
SpearowFearow
91%
AbraKadabra
91%
MachokeMachamp
91%
MachopMachoke
91%
CaterpieMetapod
91%
PidgeyPidgeotto
91%
PoliwagPoliwhirl
91%
PikachuRaichu
91%
IvysaurVenusaur
91%
KadabraAlakazam
89%
NidorinoNidoking
89%
NidorinaNidoqueen
89%
VulpixNinetales
89%
RattataRaticate
89%
JigglypuffWigglytuff
89%
EkansArbok
87%
KakunaBeedrill
87%
ClefairyClefable
87%
DiglettDugtrio
87%
ZubatGolbat
87%
PsyduckGolduck
87%
WeedleKakuna
87%
ParasParasect
87%
PoliwhirlPoliwrath
87%
SandshrewSandslash
87%
VenonatVenomoth
87%
WeepinbellVictreebel
87%
GloomVileplume
87%
GrowlitheArcanine
85%
OddishGloom
85%
Nidoran♀Nidorina
85%
Nidoran♂Nidorino
85%
MeowthPersian
85%
BellsproutWeepinbell
85%
GeodudeGraveler
83%
MankeyPrimeape
83%
GravelerGolem
80%
TentacoolTentacruel
80%
DoduoDodrio
78%
HaunterGengar
78%
GastlyHaunter
78%
PonytaRapidash
78%
VoltorbElectrode
76%
MagnemiteMagneton
76%
GrimerMuk
76%
SlowpokeSlowbro
76%
ShellderCloyster
74%
DrowzeeHypno
72%
RhyhornRhydon
72%
KoffingWeezing
72%
SeelDewgong
70%
MagikarpGyarados
70%
DragonairDragonite
67%
ExeggcuteExeggutor
67%
EeveeFlareon
67%
EeveeJolteon
67%
KrabbyKingler
67%
CuboneMarowak
67%
GoldeenSeaking
67%
EeveeVaporeon
67%
KabutoKabutops
65%
DratiniDragonair
63%
HorseaSeadra
63%
StaryuStarmie
63%
OmanyteOmastar
59%

Score Distribution

Percentile by Number Answered

Percent of People with Each Score

Your Score History

You have not taken this quiz since the last reset